000 00743cam a22002297a 4500
001 000007946
005 20200929154349.0
008 001117s1992 ck j 001 f spa
020 _a9580701768
040 _aDO-SdBNP
_cDLC
082 _a863.64
_bG633p
100 1 _aGómez Cerda, Alfredo.
_921750
245 1 3 _aEl puente de piedra /
_cAlfredo Gómez Cerda ; ilustraciones de Antonio Tello.
260 _aMedellin, Colombia :
_bEDILUX,
_cc1992.
300 _a178 p. :
_bil. ;
_c19 cm.
490 1 _aNovela de vacaciones Edilux
650 4 _aNovela española
_91123
650 4 _aLiteratura española
_9632
700 1 _aTello, Antonio,
_eil.
_921751
830 0 _aNovela de vacaciones Edilux
_921752
910 _aCatalogación por copia / LC
999 _c7724
_d7724